000 00661nam a2200229 i 4500
001 145305
003 ES-MaACL
005 20250827062626.0
007 t|
008 070214s1982 sp r ||||1| eng d
020 _a84-7471-045-6
080 _a342.4(460)
110 1 _aEspaña
_93622
240 1 0 _aConstitución, 1978
245 1 0 _aSpanish Constitution.
260 _aMadrid :
_bPresidencia del Gobierno, Servicio Central de Publicaciones,
_c1982.
300 _a122 p. ;
_c15 cm.
610 1 4 _aEspaña.
_tConstitución, 1978.
_93657
710 1 _aEspaña.
_bPresidencia del Gobierno.
_93951
852 4 _aES-MaACL
_jL-5430
999 _c145305
_d145305